| 000 | 00761nam a2200241 i 4500 | ||
|---|---|---|---|
| 001 | bg | ||
| 100 | 1 | _aCONLIN, C. | |
| 245 | 1 | 0 |
_aUnternehmen Deutsch : _bLehrwerk für Wirtschaftsdeutsch : Lehrbuch / _cvon C. Conlin. |
| 250 | _aWyd. pol. | ||
| 260 |
_aPoznań : _bWydaw. LektorKlett : _bKlett Edition Deutsch, _ccop. 2000. |
||
| 300 |
_a216 s. : _bfot., rys. (w tym kolor.) ; _c28 cm. |
||
| 500 | _aNowe wydanie, zreformowana pisownia. | ||
| 650 | 9 | _aJęzyk niemiecki | |
| 655 | _aPodręczniki akademickie | ||
| 020 | _a8388507168 | ||
| 040 | _cBPK | ||
| 041 | 5 |
_ade _gpl |
|
| 080 | _a811.112.2(075.8) | ||
| 920 | _a83-88507-16-8 | ||
| 942 | _cKS | ||
| 008 | s pl f |000 0 pol | ||
| 999 |
_c38780 _d38780 |
||
| 856 |
_uhttp://koha.tu.koszalin.pl/cgi-bin/koha/opac-detail.pl?biblionumber=38780 _yKatalog online BPK |
||